Behavior-based interviewing : (Record no. 3147)

000 -LEADER
fixed length control field nam a22 a 4500
005 - DATE AND TIME OF LATEST TRANSACTION
control field 20170519153519.0
008 - FIXED-LENGTH DATA ELEMENTS--GENERAL INFORMATION
fixed length control field 170519s2000 us ||||| |||| 00| 0 eng d
020 ## - INTERNATIONAL STANDARD BOOK NUMBER
International Standard Book Number 9781560525837
040 ## - CATALOGING SOURCE
Original cataloging agency AKMAL
082 ## - DEWEY DECIMAL CLASSIFICATION NUMBER
Classification number 658.31124 FIT
090 ## - LOCALLY ASSIGNED LC-TYPE CALL NUMBER (OCLC); LOCAL CALL NUMBER (RLIN)
Classification number (OCLC) (R) ; Classification number, CALL (RLIN) (NR) 658.31124
Local cutter number (OCLC) ; Book number/undivided call number, CALL (RLIN) FIT
100 1# - MAIN ENTRY--PERSONAL NAME
Personal name Fitzwater, Terry L.
9 (RLIN) 6501
245 10 - TITLE STATEMENT
Title Behavior-based interviewing :
Remainder of title selecting the right person for the job /
Statement of responsibility, etc. Terry L. Fitzwater.
260 ## - PUBLICATION, DISTRIBUTION, ETC.
Place of publication, distribution, etc. Menlo Park, Calif. :
Name of publisher, distributor, etc. Crisp Learning,
Date of publication, distribution, etc. c2000.
300 ## - PHYSICAL DESCRIPTION
Extent vi, 112 p.
Other physical details ill. ;
Dimensions 26cm
490 1# - SERIES STATEMENT
Series statement A Fifty-Minute series book
504 ## - BIBLIOGRAPHY, ETC. NOTE
Bibliography, etc. note Includes bibliographical references (p. 110).
650 #0 - SUBJECT ADDED ENTRY--TOPICAL TERM
Topical term or geographic name entry element Employment interviewing.
9 (RLIN) 6495
650 #0 - SUBJECT ADDED ENTRY--TOPICAL TERM
Topical term or geographic name entry element Job hunting.
9 (RLIN) 6502
830 #0 - SERIES ADDED ENTRY--UNIFORM TITLE
Uniform title Fifty-Minute series.
9 (RLIN) 1134
942 ## - ADDED ENTRY ELEMENTS (KOHA)
Source of classification or shelving scheme
Koha item type Book
Holdings
Withdrawn status Lost status Source of classification or shelving scheme Damaged status Not for loan Collection code Home library Current library Shelving location Date acquired Inventory number Total Checkouts Full call number Barcode Date last seen Price effective from Koha item type
          NON-FICTION AKMAL Melaka AKMAL Melaka PINJAMAN 19.05.2017 602338   658.31124 FIT 201704052 19.05.2017 19.05.2017 Book
Pusat Sumber Maklumat Dato' Haji Sarmin Md Hussin, Akademi Kastam Diraja Malaysia, Melaka
Tel: 06-2331106 | Faks: 06-2313787